00262nam a2200097Ia 4500008004000000082001800040100002100058245003500079260004200114300000800156210210b1965 xxu||||| |||| 00| 0 eng d a324.2092 FISL aFISCHER (Louis). aLife of Mahatma Gandhi. Part 2 aBombaybBharatiya Vidhya Bhavanc1965 a256